000 00651nam a2200217Ia 4500
003 GCL
008 140319s9999 xx 000 0 ara d
040 _aGCL /
_cGCL
082 0 4 _a401
_bر ت
100 1 _aربحى كمال
245 1 0 _aالتضاد فى ضوء اللغات السامية, دراسة مقارنة /
_cربحى كمال
300 _aمتعدد
490 _a
650 0 4 _aاللغة العربية
650 0 4 _aالبلاغة
650 0 4 _aعلم اللغة المقارن
650 0 4 _aاللغات السامية
650 0 4 _aاللغة العبرية
650 0 4 _aاللغة السريانية
942 _2ddc
_cBK
999 _c37856
_d37856